| 000 | 00739nam a2200241 i 4500 | ||
|---|---|---|---|
| 001 | 17125 | ||
| 003 | ES-MaACL | ||
| 005 | 20230906151517.0 | ||
| 007 | t| | ||
| 008 | 001222s1994 sp ||||1| spa d | ||
| 020 | _a84-493-0042-8 | ||
| 080 | _a929 Nietzsche, Friedrich | ||
| 100 | 1 |
_aRoss, Werner. _999822 |
|
| 245 | 1 | 0 |
_aFriedrich Nietzsche _b: el águila angustiada / _cWerner Ross. |
| 250 | _a1ª ed. | ||
| 260 |
_aBarcelona : _bPaidós Ibérica, _c1994. |
||
| 300 |
_a865 p., [16] p. de lám. ; _c24 cm. |
||
| 490 | 1 |
_aTestimonios ; _v16 |
|
| 600 | 1 | 4 |
_aNietzsche, Friedrich, _d1844-1900- _xBiografías _985719 |
| 830 | 0 |
_aTestimonios ; _v16 _9179776 |
|
| 852 |
_aES-MaACL _jL-23929 _bR.129280 |
||
| 999 |
_c17125 _d17125 |
||